Una conspiració a la Cuba colonial / (Record no. 31155)

MARC details
000 -LEADER
campo de control de longitud fija 00477nam a2200157 i 4500
001 - NÚMERO DE CONTROL
campo de control 31155
003 - IDENTIFICADOR DE NÚMERO DE CONTROL
campo de control ES-MaACL
007 - CAMPO FIJO DE DESCRIPCIÓN FÍSICA--INFORMACIÓN GENERAL
campo de control de longitud fija t|
008 - DATOS DE LONGITUD FIJA--INFORMACIÓN GENERAL
campo de control de longitud fija 030128s1975 sp ||||1| cat d
100 1# - ENTRADA PRINCIPAL--NOMBRE DE PERSONA
Nombre de persona Bernades, Vicenç.
9 (RLIN) 28172
245 14 - MENCIÓN DEL TÍTULO
Título Una conspiració a la Cuba colonial /
Mención de responsabilidad, etc. Vicenç Bernades, Ramón Pintó.
260 ## - PUBLICACIÓN, DISTRIBUCIÓN, ETC.
Lugar de publicación, distribución, etc. [Barcelona] :
Nombre del editor, distribuidor, etc. Editorial La paraula viva,
Fecha de publicación, distribución, etc. [1975]
300 ## - DESCRIPCIÓN FÍSICA
Extensión 201 p. ;
Dimensiones 17 cm.
700 1# - ENTRADA AGREGADA--NOMBRE PERSONAL
Nombre de persona Pintó, Ramón.
9 (RLIN) 92227
852 ## - LOCALIZACIÓN
Ubicación ES-MaACL
Número de control de estantería E-6797
Sublocalización o colección R.91462
Holdings
Estatus retirado Estado de pérdida Estado de daño No para préstamo Biblioteca de origen Biblioteca actual Ubicación en estantería Fecha de adquisición Fuente de adquisición Total de préstamos Signatura topográfica completa Código de barras Visto por última vez Precio de reemplazo Tipo de ítem Koha
        Biblioteca del Ateneo de Madrid Biblioteca del Ateneo de Madrid Depósito 2 17/01/2008     E-6797 1032186 23/02/2023 23/02/2023 Libro impreso